000
00242nam a2200097Ia 4500
001
983275
005
20250826221003.0
008
250824s9999 xx 000 0 und d
245
0
_a
Mülteci Asansörü
_c
Erhan Şibik
260
_b
Kayalıpark Genç
999
_c
983275
_d
983275